Media Logo Quiz #1 - Statistics

General Stats
  • This quiz has been taken 11 times
    9 since last reset
  • The average score is 4 of 7
Answer Stats
Picture Answer % Correct
Neptuno Films
100%
Nickelodeon
80%
Screen Gems
80%
The CW
80%
FFFF
20%
Globo
20%
HIT Home Entertainment
20%
No matching quizzes found
Score Distribution
Percent of People with Each Score
Percentile by Number Answered
Your Score History
You have not taken this quiz since the last reset